000 01279nam a2200217Ia 4500
003 Ost
005 20260507075529.0
008 260507s9999||||xx |||||||||||||| ||und||
020 _a9771012304
040 _cfsecg
041 _aara
082 _a330.9
100 _aهارون، علي احمد
_eمؤلف
245 0 _aأسس الجغرافية الاقتصادية /
_c علي احمد هارون
260 _aالقاهرة:
_bدار الفكر العربي,
_c2006
300 _a671 صفحة؛
_bإيضاحات ؛
_c24 سم
504 _aمراجع ص.667
520 _aمدخل الى الجغرافية الاقتصادية و تناول الموارد الاقتصادية و الانتاج الاقتصادي و كذا السياحة و الموارد الزراعية و المحاصيل الزراعية الغذائية و محاصيل الخضر و الفاكهة و محاصيل الالياف و محاصيل ذات طبيعة خاصة و الانتاج الحيواني و الموارد المائية و مشكلة الغذاء في العالم و كذا الموارد الغابية و الانتاج المعدني و كذا الصناعة و النقل و التجارة .
653 _aالجغرافيا الاقتصادية
942 _cكتاب
999 _c44812
_d44812